The Norton Reader: An Anthology of Expository Prose

Zapisane w:
Opis bibliograficzny
1. autor: Eastman, Arthur M.
Format: Książka
Język:Undetermined
Wydane: New York, Estados Unidos W.W. Norton 1980
Wydanie:5
Hasła przedmiotowe:
Etykiety: Dodaj etykietę
Nie ma etykietki, Dołącz pierwszą etykiete!

MARC

LEADER 00000nam a2200000Ia 4500
008 170316s9999 xx 000 0 und d
040 |a cru BVZT 
090 |a A-810 E-1n 
100 |a Eastman, Arthur M. 
245 4 |a The Norton Reader: An Anthology of Expository Prose 
250 |a 5 
260 |a New York, Estados Unidos 
260 |b W.W. Norton 
260 |c 1980 
300 |a 1252 páginas 
650 |a LITERATURA ESTADOUNIDENSE 
650 |a ANTOLOGÍA 
942 |c 15 D 
999 |c 12253  |d 12253